| 000 -LEADER |
| fixed length control field |
00871nam a22002057a 4500 |
| 005 - DATE AND TIME OF LATEST TRANSACTION |
| control field |
20250204113823.0 |
| 008 - FIXED-LENGTH DATA ELEMENTS--GENERAL INFORMATION |
| fixed length control field |
250204s2019 enk||||| |||| 00| 0 eng d |
| 020 ## - INTERNATIONAL STANDARD BOOK NUMBER |
| International Standard Book Number |
9789941462962 |
| 041 ## - LANGUAGE CODE |
| Language code of text/sound track or separate title |
eng |
| 080 ## - UNIVERSAL DECIMAL CLASSIFICATION NUMBER |
| Universal Decimal Classification number |
159.942.53 Ch -43 |
| 100 ## - MAIN ENTRY--PERSONAL NAME |
| Personal name |
Chaganava, Guram |
| 9 (RLIN) |
6836 |
| 245 ## - TITLE STATEMENT |
| Title |
Main features of general biopsychic set activity of personality / |
| Statement of responsibility, etc. |
Guram Chaganava; editor Ilya Kechakmadze. |
| 264 ## - PRODUCTION, PUBLICATION, DISTRIBUTION, MANUFACTURE, AND COPYRIGHT NOTICE |
| Place of production, publication, distribution, manufacture |
Batumi : |
| Name of producer, publisher, distributor, manufacturer |
Batumi Shota Rustaveli State University, |
| Date of production, publication, distribution, manufacture, or copyright notice |
2019. |
| 300 ## - PHYSICAL DESCRIPTION |
| Extent |
130 p. ; |
| Other physical details |
20 cm. |
| 521 ## - TARGET AUDIENCE NOTE |
| Target audience note |
ბიბლიოგრაფია თავების ბოლოს. |
| 653 ## - INDEX TERM--UNCONTROLLED |
| keyword |
განწყობა (ფსიქოლოგია |
| 653 ## - INDEX TERM--UNCONTROLLED |
| keyword |
ინდივიდუალური ფსიქოლოგია |
| 700 ## - ADDED ENTRY--PERSONAL NAME |
| Personal name |
ჩაგანავა, გურამ |
| Relator term |
ავტორი |
| 9 (RLIN) |
24241 |
| 942 ## - ADDED ENTRY ELEMENTS (KOHA) |
| Source of classification or shelving scheme |
|
| Koha item type |
წიგნი |